LIBRARY ONLINE CATALOGUE

Apologetics to the glory of God : (Record no. 7696)

MARC details
000 -LEADER
fixed length control field 00585cam a22001932 4500
001 - CONTROL NUMBER
control field 0000008696
005 - DATE AND TIME OF LATEST TRANSACTION
control field 20151217152039.0
008 - FIXED-LENGTH DATA ELEMENTS--GENERAL INFORMATION
fixed length control field 080514s xx 000 0 eng d
020 ## - INTERNATIONAL STANDARD BOOK NUMBER
International Standard Book Number 0875522432 :
Terms of availability KES 950
040 ## - CATALOGING SOURCE
Original cataloging agency KABU
Transcribing agency KABU
100 1# - MAIN ENTRY--PERSONAL NAME
Personal name Frame, John M.
-- 0000159380
245 10 - TITLE STATEMENT
Title Apologetics to the glory of God :
Remainder of title an introduction /
Statement of responsibility, etc. John M. Frame.
260 ## - PUBLICATION, DISTRIBUTION, ETC. (IMPRINT)
Place of publication, distribution, etc. Phillipsburg, NJ. :
Name of publisher, distributor, etc. P & R,
Date of publication, distribution, etc. 1994.
300 ## - PHYSICAL DESCRIPTION
Extent xiii, 265 p.
650 #0 - SUBJECT ADDED ENTRY--TOPICAL TERM
Topical term or geographic name as entry element Apologetics
Chronological subdivision 20th century.
-- 0000148816
908 ## - PUT COMMAND PARAMETER (RLIN)
Put command parameter 080514
950 ## - LOCAL HOLDINGS (RLIN)
-- 1
Holdings
Withdrawn status Lost status Source of classification or shelving scheme Not for loan Home library Current library Date acquired Total Checkouts Full call number Barcode Date last seen Price effective from Koha item type
    Library of Congress Classification   Kabarak, Main Campus Kabarak, Main Campus 17/12/2015   BT1102 .F73 009000 02/08/2024 17/12/2015 General Collection